[Event "29th Avoine Open 2014"]
[Site "Avoine FRA"]
[Date "2014.07.20"]
[Round "2.20"]
[White "Marimoutou, Loic"]
[Black "Le Huec, Marc"]
[Result "1-0"]
[WhiteElo "2081"]
[BlackElo "2267"]
[WhiteFideId "26041510"]
[BlackFideId "624829"]
[EventDate "2014.07.19"]

1. e4 c5 2. Nc3 e6 3. f4 Nc6 4. Nf3 d5 5. Bb5 Ne7 6. O-O a6 7. Bxc6+ Nxc6 8. d3
Be7 9. Qe1 O-O 10. Ne5 Nb4 11. Qf2 d4 12. Nd1 f6 13. Nf3 f5 14. Ne5 Qc7 15. Qe2
Bf6 16. c3 Nc6 17. Nf3 b6 18. Bd2 Bb7 19. e5 Be7 20. Rc1 Qd7 21. c4 b5 22. Be1
bxc4 23. dxc4 Qd8 24. Nf2 a5 25. Nd3 Nb4 26. Bxb4 axb4 27. b3 Be4 28. Rc2 Ra7
29. Rd2 Qa8 30. Rf2 Qc6 31. h3 Rfa8 32. Kh2 Kh8 33. Nc1 Bb1 34. Rb2 Be4 35. Rd2
Rg8 36. Nd3 g6 37. Qd1 Bd8 38. Nxb4 Qa8 39. Nd3 Bxd3 40. Rxd3 Rxa2 41. Rxa2 Qxa2
42. b4 cxb4 43. Rxd4 Bb6 44. c5 Bxc5 45. Rd8 Qc4 46. Kg3 Be7 47. Rd7 Qc5 48. Kh2
Re8 49. Qa4 Bf8 50. Rf7 Rc8 51. Qd7 1-0

[Event "29th Avoine Open 2014"]
[Site "Avoine FRA"]
[Date "2014.07.20"]
[Round "2.21"]
[White "Lukasiewicz, Grzegorz"]
[Black "Vidal, Llewellyn"]
[Result "1-0"]
[WhiteTitle "IM"]
[WhiteElo "2265"]
[BlackElo "2102"]
[WhiteFideId "1100866"]
[BlackFideId "20661347"]
[EventDate "2014.07.19"]

1. d4 Nf6 2. Nf3 c5 3. e3 e6 4. Bd3 Nc6 5. b3 cxd4 6. exd4 d5 7. a3 Be7 8. Nbd2
O-O 9. O-O b6 10. Bb2 a5 11. Re1 Ba6 12. c4 Qd7 13. Rc1 Qb7 14. Qe2 dxc4 15.
bxc4 Rad8 16. h4 Rfe8 17. Ne4 Nb8 18. Neg5 Bf8 19. Ne5 Re7 20. Ng4 Nbd7 21. h5
h6 22. Nxf6+ Nxf6 23. Ne4 Nxe4 24. Bxe4 Qd7 25. Bb1 Ree8 26. Qd3 f5 27. Qb3 Qd6
28. c5 bxc5 29. dxc5 Qd5 30. Qxd5 Rxd5 31. Ba2 Rxc5 32. Rxe6 Rxc1+ 33. Bxc1 Rxe6
34. Bxe6+ Kh8 35. Bxf5 Bc4 36. g4 Kg8 37. Kg2 Kf7 38. Bb2 Be7 39. f4 Bf6 40. Be5
Bxe5 41. fxe5 Bb3 42. Kf2 Ke7 43. Ke2 Kd8 44. Kd2 Kc7 45. Kc3 Ba2 46. Kd4 Kc6
47. Be4+ Kb6 48. Bd5 Bb1 49. e6 Kc7 50. Be4 Ba2 51. Ke5 Bb3 1-0

[Event "29th Avoine Open 2014"]
[Site "Avoine FRA"]
[Date "2014.07.20"]
[Round "2.22"]
[White "Maloberti, David"]
[Black "Kambrath, Yannick"]
[Result "0-1"]
[BlackTitle "FM"]
[WhiteElo "2037"]
[BlackElo "2259"]
[WhiteFideId "620149"]
[BlackFideId "20632525"]
[EventDate "2014.07.19"]

1. d4 Nf6 2. c4 g6 3. Nc3 Bg7 4. e4 d6 5. Nf3 O-O 6. Be2 e5 7. O-O Nc6 8. d5 Ne7
9. Ne1 Nd7 10. f3 f5 11. Be3 f4 12. Bf2 g5 13. Rc1 Rf6 14. Nd3 Rh6 15. Kh1 b6
16. b4 a6 17. c5 Qe8 18. cxd6 cxd6 19. a4 Nf6 20. Bxb6 Nh5 21. Nf2 Ng3+ 22. Kg1
Nxf1 23. Qxf1 Bb7 24. b5 Nc8 25. Bc7 axb5 26. axb5 Bf6 27. Ng4 Rg6 28. Nxf6+
Rxf6 29. Ra1 Rxa1 30. Qxa1 g4 31. fxg4 f3 32. gxf3 Qg6 33. Qc1 Rf4 34. Qe3 h5
35. h3 Qg5 36. Qf2 Rf7 37. b6 hxg4 38. hxg4 Rh7 39. Nd1 Ne7 40. Ne3 Ng6 41. Nf5
Qc1+ 42. Qf1 Qc5+ 43. Kg2 Nf4+ 44. Kg3 Nxe2+ 45. Qxe2 Qg1+ 46. Qg2 Qe1+ 47. Qf2
Rh3+ 48. Kxh3 Qxf2 49. Bxd6 Ba6 50. Ng3 Qxf3 51. Bxe5 Bc8 52. Bc7 Bxg4+ 53. Kh4
Bd7 54. Kg5 Qg4+ 55. Kh6 Be8 0-1

[Event "29th Avoine Open 2014"]
[Site "Avoine FRA"]
[Date "2014.07.20"]
[Round "2.23"]
[White "Frick, Christoph"]
[Black "Louis-sidois, Charles"]
[Result "1-0"]
[WhiteElo "2246"]
[BlackElo "1946"]
[WhiteFideId "4607090"]
[BlackFideId "20631570"]
[EventDate "2014.07.19"]

1. e4 g6 2. Nc3 Bg7 3. g3 c5 4. Bg2 d6 5. d3 Nf6 6. f4 Nc6 7. Nf3 O-O 8. O-O Rb8
9. f5 b5 10. Nh4 Nd4 11. Kh1 b4 12. Ne2 Nxe2 13. Qxe2 a5 14. Bf4 Nh5 15. Bc1 a4
16. Rb1 e6 17. Qf2 exf5 18. exf5 Bb7 19. Nf3 Qd7 20. g4 Nf6 21. Bh3 gxf5 22.
gxf5 Bxf3+ 23. Qxf3 Qb7 24. Bf4 Qxf3+ 25. Rxf3 Rbd8 26. Rg1 Kh8 27. Bg5 Rde8 28.
Bh4 Rg8 29. Bf1 Nd5 30. f6 Bh6 31. Rxg8+ Kxg8 32. Bg3 Re6 33. Bh3 Rxf6 34. Rxf6
Nxf6 35. Bxd6 Be3 36. Kg2 Kg7 37. Bf5 Bd4 38. Kf3 Nd5 39. Be4 Nf6 40. Bc6 a3 41.
bxa3 bxa3 42. Kf4 Kg6 43. Bf3 Bg1 44. Be4+ Nxe4 45. Kxe4 Kg5 46. Kf3 Bd4 47. Bg3
Kf5 48. Be1 Bg1 49. h3 Bd4 50. c3 Be5 51. Bd2 Ke6 52. Bc1 Bxc3 53. Bxa3 Kd5 54.
Bc1 Kd4 55. Be3+ Kxd3 56. Bxc5 Bg7 57. Kf4 Kc4 58. Be7 Kb5 59. Kg5 Ka4 60. h4
Ka5 61. h5 Ka4 62. Kf5 Bb2 63. Bf8 h6 64. Bxh6 Ka3 65. Bf8+ Kxa2 66. h6 1-0

[Event "29th Avoine Open 2014"]
[Site "Avoine FRA"]
[Date "2014.07.20"]
[Round "2.24"]
[White "Julien, Jules-Alois"]
[Black "Vavric, Pavel"]
[Result "0-1"]
[BlackTitle "FM"]
[WhiteElo "2013"]
[BlackElo "2235"]
[WhiteFideId "20646577"]
[BlackFideId "13902032"]
[EventDate "2014.07.19"]

1. e4 e6 2. d3 d5 3. Nd2 Nc6 4. Ngf3 Nf6 5. g3 dxe4 6. dxe4 e5 7. c3 Be7 8. Qc2
O-O 9. Bg2 Be6 10. O-O Nd7 11. Rd1 Qc8 12. Nf1 Rd8 13. Ne3 Nb6 14. Rxd8+ Qxd8
15. b3 f6 16. Bb2 Qf8 17. c4 Nd7 18. a3 a5 19. Nd5 Bd6 20. Ne1 Nd8 21. Nd3 c6
22. Ne3 Nc5 23. Nc1 b6 24. Ne2 Nf7 25. f4 Rd8 26. Kh1 Bc7 27. f5 Bc8 28. b4 Nd3
29. b5 Qc5 30. Nc1 Nf2+ 31. Kg1 Ng4 32. Qb3 a4 33. Qc3 Rd1+ 34. Bf1 Ng5 0-1

[Event "29th Avoine Open 2014"]
[Site "Avoine FRA"]
[Date "2014.07.20"]
[Round "2.26"]
[White "Kempinski, Andre"]
[Black "Belenkaya, Dina"]
[Result "0-1"]
[BlackTitle "WFM"]
[WhiteElo "1953"]
[BlackElo "2223"]
[WhiteFideId "623148"]
[BlackFideId "24142654"]
[EventDate "2014.07.19"]

1. e4 c6 2. Nc3 d5 3. Nf3 Nf6 4. e5 Ne4 5. Nb1 Qb6 6. Qe2 Bg4 7. d3 Nc5 8. g3
Nbd7 9. Bg2 e6 10. O-O Qc7 11. Re1 Be7 12. Nbd2 h5 13. h3 Bf5 14. Nd4 Bg6 15.
N2f3 O-O-O 16. a4 Nf8 17. Bg5 f6 18. Bd2 Bf7 19. b4 Ncd7 20. exf6 gxf6 21. c4 e5
22. Nf5 Ng6 23. cxd5 Bxd5 24. N3h4 Ndf8 25. Nxg6 Nxg6 26. Bxd5 Rxd5 27. d4 Qd7
28. Qe4 Bd8 29. b5 exd4 30. g4 hxg4 31. hxg4 c5 32. Rac1 Kb8 33. a5 Ne5 34. f3
Rh3 35. Kg2 Rxf3 36. Bf4 Rb3 37. b6 axb6 38. axb6 Rxb6 39. Red1 Rb2+ 40. Kg1 Be7
41. Ne3 dxe3 42. Rxd5 Qxg4+ 43. Kh1 Qh5+ 0-1

[Event "29th Avoine Open 2014"]
[Site "Avoine FRA"]
[Date "2014.07.20"]
[Round "2.27"]
[White "Ternault, Mathieu"]
[Black "De Lussac, Rainier"]
[Result "1-0"]
[WhiteElo "2220"]
[BlackElo "1907"]
[WhiteFideId "20641532"]
[BlackFideId "20685254"]
[EventDate "2014.07.19"]

1. d4 Nf6 2. c4 e6 3. Nc3 Bb4 4. Qc2 O-O 5. a3 Bxc3+ 6. Qxc3 b6 7. Bg5 Bb7 8. f3
h6 9. Bh4 d5 10. e3 Nbd7 11. Nh3 Rc8 12. c5 bxc5 13. dxc5 c6 14. Bg3 Re8 15. Qb4
e5 16. Qxb7 Rb8 17. Qxa7 Rxb2 18. Bd3 Rb3 19. Be2 d4 20. O-O d3 21. Bd1 Rc3 22.
Be1 Rxc5 23. Bb4 Rb5 24. Ba4 Rb8 25. Bxc6 1-0

[Event "29th Avoine Open 2014"]
[Site "Avoine FRA"]
[Date "2014.07.20"]
[Round "2.28"]
[White "Brehier, William"]
[Black "Marie, Maxime"]
[Result "0-1"]
[BlackTitle "CM"]
[WhiteElo "1933"]
[BlackElo "2211"]
[WhiteFideId "678864"]
[BlackFideId "625590"]
[EventDate "2014.07.19"]

1. Nf3 g6 2. c4 Bg7 3. g3 Nf6 4. Bg2 O-O 5. O-O d6 6. d4 Nc6 7. Nc3 a6 8. h3 Rb8
9. a4 e5 10. Be3 Bf5 11. Rc1 Re8 12. Re1 Ne4 13. d5 Ne7 14. Nxe4 Bxe4 15. b4 Nf5
16. Bd2 b5 17. Ng5 Bxg2 18. Kxg2 e4 19. h4 h6 20. Nh3 e3 21. Bc3 exf2 22. Kxf2
Ne3 23. Qd3 bxc4 24. Qd2 Re4 25. Bxg7 Kxg7 26. Nf4 Qf6 27. Kg1 Rbe8 28. Rc3 Rd4
29. Qc1 Rxf4 30. Rxe3 Qd4 31. Qc3 Rxe3 32. Qxd4+ Rxd4 0-1

[Event "29th Avoine Open 2014"]
[Site "Avoine FRA"]
[Date "2014.07.20"]
[Round "2.29"]
[White "Prevot, Rodolphe"]
[Black "Haub, Thorsten Michael"]
[Result "0-1"]
[BlackTitle "IM"]
[WhiteElo "1908"]
[BlackElo "2429"]
[WhiteFideId "20600755"]
[BlackFideId "4610776"]
[EventDate "2014.07.19"]

1. Nf3 g6 2. g3 Bg7 3. Bg2 f5 4. c4 Nf6 5. d3 O-O 6. O-O Nc6 7. Nc3 d6 8. Rb1 a5
9. a3 e5 10. b4 axb4 11. axb4 h6 12. b5 Ne7 13. Ne1 g5 14. Nc2 f4 15. Nb4 Qe8
16. Ncd5 Nexd5 17. Nxd5 Nxd5 18. cxd5 b6 19. Qc2 Ra7 20. Rb4 Bd7 21. Rc4 Qb8 22.
Qb3 Ra5 23. Rb4 Rf7 24. Bd2 Qa7 25. Be4 Bg4 26. f3 Bh3 27. Rc1 fxg3 28. hxg3 Ra2
29. Rc2 Rxc2 30. Qxc2 Bd7 31. Ra4 Qb8 32. Qa2 Rf8 33. Qc4 Bf6 34. Be3 Kg7 35. d4
Rf7 36. Bc2 Qe8 37. Qd3 Bxb5 38. Qg6+ Kf8 39. dxe5 Bxa4 40. Bxa4 Qxa4 41. e6
Qd1+ 42. Kf2 Rg7 43. Qxh6 Bd4 44. Qh8+ Ke7 45. Qc8 Bxe3+ 46. Kxe3 Qxd5 47. Kf2
Qxe6 48. Qxc7+ Kf6 49. Qc3+ Qe5 0-1

[Event "29th Avoine Open 2014"]
[Site "Avoine FRA"]
[Date "2014.07.20"]
[Round "2.30"]
[White "Lefebvre, Pierre"]
[Black "Song, Julien"]
[Result "0-1"]
[BlackTitle "IM"]
[WhiteElo "2050"]
[BlackElo "2417"]
[WhiteFideId "632791"]
[BlackFideId "659487"]
[EventDate "2014.07.19"]

1. Nf3 Nf6 2. c4 e6 3. g3 a6 4. Bg2 b5 5. b3 Bb7 6. O-O Be7 7. Bb2 O-O 8. d3 c5
9. e3 d6 10. Qe2 Nbd7 11. Nbd2 Qb6 12. Rab1 Bc6 13. e4 Ne8 14. d4 Bb7 15. d5
exd5 16. exd5 Bf6 17. Ne4 Bxb2 18. Qxb2 Nef6 19. Nh4 Nxe4 20. Bxe4 Nf6 21. Bf3
Rae8 22. Qd2 Bc8 23. Kg2 Re5 24. Rfe1 Rfe8 25. Rxe5 Rxe5 26. Re1 Rxe1 27. Qxe1
g5 28. Qe3 h6 29. Be2 gxh4 30. Qxh6 h3+ 31. Kg1 Qd8 32. Qg5+ Kf8 33. cxb5 Qe7
34. Kf1 axb5 35. Qh6+ Ke8 36. Bxb5+ Kd8 37. Qd2 Qe4 0-1

[Event "29th Avoine Open 2014"]
[Site "Avoine FRA"]
[Date "2014.07.20"]
[Round "2.31"]
[White "Manea, Alexandru"]
[Black "Gros, Patrick"]
[Result "1-0"]
[WhiteTitle "IM"]
[WhiteElo "2373"]
[BlackElo "1984"]
[WhiteFideId "1207660"]
[BlackFideId "611948"]
[EventDate "2014.07.19"]

1. Nf3 d6 2. e4 Nf6 3. Nc3 c6 4. d4 Qa5 5. Bd3 Bg4 6. h3 Bh5 7. g4 Bg6 8. Bd2
Qc7 9. Bf4 Nfd7 10. d5 Nc5 11. Qd2 Nxd3+ 12. cxd3 e5 13. Bg3 c5 14. Nh4 Be7 15.
f4 Qd8 16. Nxg6 fxg6 17. fxe5 O-O 18. e6 Rf3 19. Ne2 Bg5 20. Bf4 Bh4+ 21. Kd1
Na6 22. Rc1 Nb4 23. Rc3 Nxa2 24. Ra3 Nb4 25. d4 Rf2 26. dxc5 dxc5 27. Be3 Qf6
28. Bxf2 Qxf2 29. Qf4 1-0

[Event "29th Avoine Open 2014"]
[Site "Avoine FRA"]
[Date "2014.07.20"]
[Round "2.32"]
[White "Rodon, Gurvan"]
[Black "Stephan, Victor"]
[Result "1-0"]
[BlackTitle "FM"]
[WhiteElo "2039"]
[BlackElo "2341"]
[WhiteFideId "619256"]
[BlackFideId "656666"]
[EventDate "2014.07.19"]

1. d4 b6 2. c4 Bb7 3. Nc3 f5 4. e3 Nf6 5. f3 e6 6. Bd3 Be7 7. Nge2 O-O 8. O-O
Qe8 9. e4 fxe4 10. fxe4 e5 11. Nd5 Nxd5 12. exd5 exd4 13. Nxd4 Bc5 14. Rxf8+
Qxf8 15. Be3 Qf6 16. Bc2 Na6 17. Qd3 g6 18. a3 Re8 19. Rd1 Bd6 20. Rf1 Nc5 21.
Qd2 Qh4 22. Bf4 Bf8 23. b4 Ne4 24. Qe3 Nd6 25. Qd3 Bg7 26. Nb3 Nf5 27. g3 Qh3
28. Bd1 d6 29. Bf3 Nh6 30. Nd4 Ng4 31. Bxg4 Qxg4 32. Ne6 Rxe6 33. dxe6 Qxe6 34.
Qe3 Qd7 35. Re1 Be5 36. Bxe5 Qc6 37. Re2 Qh1+ 38. Kf2 dxe5 39. Qxe5 Qxh2+ 40.
Ke1 Qh1+ 41. Kd2 Qc6 42. Qe8+ Qxe8 43. Rxe8+ Kf7 44. Rb8 Bg2 45. Rc8 h5 46.
Rxc7+ Kf6 47. Rxa7 g5 48. Ke3 h4 49. gxh4 gxh4 50. Kf2 h3 51. Kg3 Ke5 52. Ra6
Kd4 53. Rxb6 Kxc4 54. a4 1-0

[Event "29th Avoine Open 2014"]
[Site "Avoine FRA"]
[Date "2014.07.20"]
[Round "2.33"]
[White "Mourgues, Jean-Marie"]
[Black "Delorme, Alban"]
[Result "0-1"]
[BlackTitle "FM"]
[WhiteElo "2019"]
[BlackElo "2292"]
[WhiteFideId "616869"]
[BlackFideId "623636"]
[EventDate "2014.07.19"]

1. e4 c5 2. c3 g6 3. d4 cxd4 4. cxd4 d5 5. e5 Bg7 6. Nc3 Nc6 7. Nf3 Bg4 8. Be2
Nh6 9. h3 Bxf3 10. Bxf3 Nf5 11. Be3 e6 12. O-O f6 13. exf6 Qxf6 14. Re1 O-O 15.
Ne2 Nh4 16. Nf4 g5 17. Nh5 Nxf3+ 18. gxf3 Qxf3 19. Qxf3 Rxf3 20. Kg2 Raf8 21.
Nxg7 Kxg7 22. Re2 h6 23. Rd1 R3f6 24. b3 R8f7 25. Bc1 Ne7 26. Ba3 Ng6 27. Bd6
Nh4+ 28. Kg1 Nf3+ 29. Kg2 Kg6 30. Bg3 h5 31. Rd3 h4 32. Be5 Nxe5 33. dxe5 Rf4
34. f3 Rc7 35. Kf2 Rc1 36. Kg2 Kf5 37. Kf2 b5 38. a3 a5 39. Kg2 Rc6 40. Rxd5
exd5 41. e6 Rc1 42. e7 Rc8 43. e8=Q Rxe8 44. Rxe8 Rd4 45. Rf8+ Ke5 46. Re8+ Kf6
47. Rf8+ Ke5 48. Re8+ Kf4 49. Rf8+ Ke3 50. Re8+ Kd3 51. Re5 Kc3 52. Rxg5 Kxb3
53. Rg4 Rd2+ 54. Kf1 Kxa3 55. Ke1 Rh2 56. Rd4 b4 57. Rxd5 a4 58. f4 b3 59. f5 b2
60. Rb5 b1=R+ 61. Rxb1 Rh1+ 62. Ke2 Rxb1 63. Kf3 Rf1+ 64. Kg4 Kb2 0-1

[Event "29th Avoine Open 2014"]
[Site "Avoine FRA"]
[Date "2014.07.20"]
[Round "2.34"]
[White "Nord, Antoine"]
[Black "Gervasio, Ricardo"]
[Result "0-1"]
[WhiteElo "2007"]
[BlackElo "2281"]
[WhiteFideId "663204"]
[BlackFideId "2104997"]
[EventDate "2014.07.19"]

1. e4 c5 2. c3 e6 3. d4 d5 4. exd5 exd5 5. Nf3 Nf6 6. Be2 Bd6 7. dxc5 Bxc5 8.
O-O O-O 9. Bg5 Re8 10. Nbd2 Nc6 11. Nb3 Bb6 12. Qd3 Qd6 13. Bxf6 Qxf6 14. Nbd4
Bg4 15. Bd1 Rad8 16. Bb3 Bh5 17. Rfe1 Bg6 18. Rxe8+ Rxe8 19. Qd2 Rd8 20. Rd1 h6
21. Bc2 Bh5 22. Re1 Bxf3 23. Nxf3 d4 24. Qe2 g6 25. cxd4 Bxd4 26. b3 Bb6 27. Bd3
Kg7 28. Bc4 Rd7 29. h3 Re7 30. Qd2 Rxe1+ 31. Qxe1 g5 32. Qd2 Ne5 33. Nxe5 Qxe5
34. Qe2 Qf4 35. g3 Qxg3+ 36. Kf1 Qxh3+ 37. Ke1 Qf5 38. a4 Qb1+ 39. Kd2 Ba5+ 40.
Ke3 Qf5 41. Qf3 Qxf3+ 42. Kxf3 f5 43. Bd5 b6 44. Kg3 h5 45. Bc6 h4+ 46. Kh3 Kf6
47. f4 g4+ 48. Kxh4 Be1+ 49. Kh5 Bg3 50. b4 Bxf4 51. a5 Bd2 52. axb6 axb6 53. b5
Ke5 54. Kg6 Kf4 55. Kh5 Ke3 56. Kg5 Kf2+ 57. Kh4 Bb4 0-1

[Event "29th Avoine Open 2014"]
[Site "Avoine FRA"]
[Date "2014.07.20"]
[Round "2.35"]
[White "Aubry, Yannis"]
[Black "Amarger, Vincent"]
[Result "1/2-1/2"]
[WhiteElo "2255"]
[BlackElo "2035"]
[WhiteFideId "20642407"]
[BlackFideId "646849"]
[EventDate "2014.07.19"]

1. d4 d6 2. e4 Nf6 3. Nc3 e5 4. dxe5 dxe5 5. Qxd8+ Kxd8 6. Bg5 Be6 7. O-O-O+ Nd7
8. g3 Kc8 9. f4 exf4 10. gxf4 Bg4 11. Re1 Bb4 12. h3 Bh5 13. Bg2 Re8 14. Nge2 c6
15. Ng3 g6 16. e5 Nd5 17. Nxh5 Nxc3 18. bxc3 Ba3+ 19. Kd2 gxh5 20. Bf3 h6 21.
Bxh6 Rh8 22. Bg5 Kc7 23. f5 Rae8 24. Bf4 Kc8 25. c4 Bf8 26. Bh2 Bg7 27. f6 Bf8
28. Be4 Nc5 29. Bf5+ Ne6 30. c3 Bh6+ 31. Kc2 Rhg8 32. Rhg1 Rxg1 33. Rxg1 Kd7 34.
Kd3 Rf8 35. Ke4 Re8 36. Kd3 Rf8 37. Ke4 Re8 38. Kd3 1/2-1/2

[Event "29th Avoine Open 2014"]
[Site "Avoine FRA"]
[Date "2014.07.20"]
[Round "2.36"]
[White "Henno, Francois"]
[Black "Gerard, Nicolas"]
[Result "1/2-1/2"]
[BlackTitle "FM"]
[WhiteElo "2004"]
[BlackElo "2251"]
[WhiteFideId "636576"]
[BlackFideId "605000"]
[EventDate "2014.07.19"]

1. e4 d5 2. exd5 Qxd5 3. Nc3 Qd6 4. d4 Nf6 5. g3 Bg4 6. Nf3 Nc6 7. Bg2 O-O-O 8.
Be3 Qb4 9. O-O e5 10. a3 Qxb2 11. Qd3 Qb6 12. Rfb1 Qa5 13. Rb5 Qa6 14. Rab1 g6
15. Ng5 Nxd4 16. Bxd4 Rxd4 17. Qe3 Rd7 18. h3 Bh5 19. g4 Bh6 20. Qf3 e4 21.
Ncxe4 Nxe4 22. Nxe4 c6 23. R5b3 1/2-1/2

[Event "29th Avoine Open 2014"]
[Site "Avoine FRA"]
[Date "2014.07.20"]
[Round "2.37"]
[White "Sgircea, Silvia-Raluca"]
[Black "Schweitzer, Marc"]
[Result "1-0"]
[WhiteTitle "WIM"]
[WhiteElo "2207"]
[BlackElo "1955"]
[WhiteFideId "1213776"]
[BlackFideId "634433"]
[EventDate "2014.07.19"]

1. Nf3 Nf6 2. c4 c5 3. d4 cxd4 4. Nxd4 g6 5. Nc3 Bg7 6. e4 d6 7. Be2 O-O 8. Be3
Nc6 9. Qd2 Ng4 10. Bxg4 Bxg4 11. O-O Nxd4 12. Bxd4 Be6 13. Rfd1 a6 14. a4 Bxd4
15. Qxd4 Rc8 16. b3 Qc7 17. Nd5 Bxd5 18. exd5 f6 19. Rd3 Rf7 20. h4 Qd7 21. Re1
Rg7 22. Rde3 Rf8 23. Re6 Rff7 24. c5 dxc5 25. Qxc5 h5 26. d6 exd6 27. Rxd6 Qg4
28. Rd8+ Kh7 29. Ree8 g5 30. hxg5 Qxg5 31. Rh8+ Kg6 32. Rd5 f5 33. Rd6+ Rf6 34.
Qd4 Qc1+ 35. Kh2 Rf7 36. Rxf6+ Rxf6 37. Qh4 Qc7+ 38. g3 Rf7 39. Rxh5 Qc1 40. f4
Qc2+ 41. Kh3 Rg7 42. Rh6+ Kf7 43. Qf6+ 1-0

[Event "29th Avoine Open 2014"]
[Site "Avoine FRA"]
[Date "2014.07.20"]
[Round "2.38"]
[White "Ollier, Milan"]
[Black "Kozlowski, Thierry"]
[Result "1-0"]
[WhiteElo "2205"]
[BlackElo "1926"]
[WhiteFideId "664774"]
[BlackFideId "611000"]
[EventDate "2014.07.19"]

1. e4 c5 2. Nf3 Nc6 3. Bb5 a6 4. Bxc6 bxc6 5. O-O e6 6. Nc3 d5 7. d3 Rb8 8. b3
Qc7 9. Ba3 Nf6 10. Qe2 Be7 11. e5 Nd7 12. Na4 a5 13. c4 Ba6 14. Qe3 Qa7 15. Rac1
Rc8 16. Rc2 d4 17. Qe4 Qc7 18. Re1 h5 19. h4 Rb8 20. Rce2 Bc8 21. Ng5 g6 22. f4
Qb7 23. g3 Qa7 24. Kh2 Bb7 25. Nxe6 fxe6 26. Qxg6+ Kd8 27. Qxe6 Nf8 28. Qf7 Rh7
29. Qg8 Bc8 30. f5 Bxf5 31. Rf2 Qd7 32. e6 Bxe6 33. Rxe6 Kc7 34. Re4 Bd6 35.
Bxc5 Bxg3+ 36. Qxg3+ 1-0

[Event "29th Avoine Open 2014"]
[Site "Avoine FRA"]
[Date "2014.07.20"]
[Round "2.39"]
[White "Le Pen, Steven"]
[Black "Dutreuil, Raphael"]
[Result "1/2-1/2"]
[WhiteElo "1984"]
[BlackElo "2118"]
[WhiteFideId "612197"]
[BlackFideId "20630999"]
[EventDate "2014.07.19"]

1. e4 c5 2. Nf3 e6 3. d4 cxd4 4. Nxd4 Nc6 5. Nb5 d6 6. Bf4 e5 7. Be3 Nf6 8. Bg5
a6 9. Bxf6 gxf6 10. N5c3 Be6 11. Nd2 d5 12. exd5 Bxd5 13. Nxd5 Qxd5 14. Qg4 h5
15. Qe4 Qxe4+ 16. Nxe4 Rh6 17. Bc4 Nd4 18. O-O-O Rc8 19. Rxd4 exd4 20. Re1 Bb4
21. Re2 Kf8 22. Bd3 h4 23. a3 Be7 24. Nd2 Bd6 25. Nf3 Re8 26. Re4 Rxe4 27. Bxe4
b6 28. h3 Be5 29. a4 Ke7 30. Kd2 Rh8 31. Kd3 Ke6 32. Nxd4+ Bxd4 33. Kxd4 Rd8+
34. Ke3 Rd1 35. b3 Re1+ 36. Kd3 f5 37. Bb7 a5 38. f4 Rd1+ 39. Kc4 Kd6 40. c3 Rd2
41. Bf3 Rb2 42. Bb7 Re2 43. Kd4 Re7 44. Bf3 Rc7 45. Be2 Rc5 46. Bc4 f6 47. Be2
Rd5+ 48. Kc4 Rc5+ 1/2-1/2

[Event "29th Avoine Open 2014"]
[Site "Avoine FRA"]
[Date "2014.07.20"]
[Round "2.40"]
[White "Deslias, Gregoire"]
[Black "Vekemans, Denis"]
[Result "1/2-1/2"]
[WhiteElo "2110"]
[BlackElo "1963"]
[WhiteFideId "602051"]
[BlackFideId "615846"]
[EventDate "2014.07.19"]

1. d4 Nf6 2. c4 e5 3. dxe5 Ng4 4. e3 Nxe5 5. Nh3 g5 6. Qh5 h6 7. f4 Ng6 8. Bd3
Rg8 9. O-O d5 10. fxg5 Bxh3 11. Qxh3 hxg5 12. Nc3 c6 13. cxd5 cxd5 14. Qf3 Ne5
15. Qf5 Nbc6 16. Bb5 Qd6 17. e4 d4 18. Nd5 Be7 19. Bd2 Kf8 20. Rac1 Rg7 21. a3
Kg8 22. Bxc6 Nxc6 23. Rxc6 bxc6 24. Bb4 cxd5 25. Bxd6 Bxd6 26. Qxd5 Rd8 27. e5
Bc7 28. Qe4 Bb6 29. g3 Rg6 30. Qf5 Rf8 31. Kg2 Kg7 32. b4 Kg8 33. a4 Kg7 34. a5
Bc7 35. Rc1 Bb8 36. Rf1 Bc7 37. Rd1 Rd8 38. Rf1 Rf8 1/2-1/2

[Event "29th Avoine Open 2014"]
[Site "Avoine FRA"]
[Date "2014.07.20"]
[Round "2.41"]
[White "Grateau, Jean-Noel"]
[Black "Batteux, Mickael"]
[Result "1/2-1/2"]
[WhiteElo "1929"]
[BlackElo "2077"]
[WhiteFideId "641456"]
[BlackFideId "644560"]
[EventDate "2014.07.19"]

1. e4 d5 2. exd5 Nf6 3. Bb5+ Nbd7 4. d4 Nxd5 5. Nf3 c6 6. Be2 Qc7 7. c4 Nf4 8.
Bf1 e6 9. Be3 Nf6 10. Qc1 Ng6 11. h3 Be7 12. Nc3 O-O 13. Be2 b6 14. O-O Bb7 15.
Re1 Rac8 16. Qc2 Rfd8 17. Rad1 Qb8 18. Ng5 Bd6 19. Nge4 Nxe4 20. Nxe4 Bh2+ 21.
Kh1 Bf4 22. c5 Bc7 23. b4 Re8 24. Ng5 Bd8 25. h4 Bxg5 26. Bxg5 h6 27. h5 Nf8 28.
Bh4 Qf4 29. g4 Nh7 30. Bg3 Qg5 31. f4 Qd5+ 32. Kh2 Rcd8 33. Bc4 Qd7 34. Qe2 Bc8
35. Qf3 e5 36. fxe5 Ng5 37. Qf4 Qxg4 38. Qxg4 Bxg4 39. Be2 Bxe2 40. Rxe2 Rxd4
41. Rxd4 Nf3+ 42. Kg2 Nxd4 43. Rd2 bxc5 44. bxc5 Ne6 45. Rd6 Rc8 46. Kf3 Kf8 47.
Bf2 Ke7 48. Bh4+ Ke8 49. Bf2 Ke7 1/2-1/2

[Event "29th Avoine Open 2014"]
[Site "Avoine FRA"]
[Date "2014.07.20"]
[Round "2.42"]
[White "Leriche, Ines"]
[Black "Okhotnik, Vladimir"]
[Result "0-1"]
[BlackTitle "GM"]
[WhiteElo "1901"]
[BlackElo "2396"]
[WhiteFideId "684090"]
[BlackFideId "14101289"]
[EventDate "2014.07.19"]

1. d4 d6 2. c4 e5 3. d5 a5 4. Nc3 Be7 5. e4 Bg5 6. Nf3 Bxc1 7. Rxc1 Bg4 8. Be2
Bxf3 9. Bxf3 Nd7 10. O-O Ne7 11. a3 O-O 12. b4 b6 13. Na4 f5 14. c5 Nf6 15. cxb6
cxb6 16. Nc3 axb4 17. axb4 Qd7 18. Qd3 Ra3 19. Qb5 Qd8 20. Rfe1 g5 21. Na4 g4
22. Bd1 Nxe4 23. Nxb6 Nc3 24. Qd7 Qxd7 25. Nxd7 Rd8 26. Re3 Rc8 27. Nb6 Ne2+ 28.
Kf1 Rxc1 29. Rxa3 Nc3 30. Rxc3 Rxc3 31. Ke2 Kf8 32. Kd2 Ra3 33. Bc2 Ra6 34. Nd7+
Ke8 35. Nf6+ Kf7 36. Nxh7 Rb6 37. Ng5+ Kg6 38. Ne6 Rxb4 39. Nc7 Nxd5 0-1

[Event "29th Avoine Open 2014"]
[Site "Avoine FRA"]
[Date "2014.07.20"]
[Round "2.43"]
[White "Guillo, Nicolas"]
[Black "Kirk, Ezra"]
[Result "0-1"]
[BlackTitle "FM"]
[WhiteElo "1912"]
[BlackElo "2308"]
[WhiteFideId "36024619"]
[BlackFideId "600067"]
[EventDate "2014.07.19"]

1. c4 Nf6 2. Nc3 g6 3. d4 Bg7 4. e4 d6 5. Nf3 O-O 6. Be2 Na6 7. O-O e5 8. d5 Nc5
9. Qc2 a5 10. Ne1 Ne8 11. Be3 f5 12. f3 Bd7 13. Kh1 b6 14. Nd3 Nf6 15. Nxc5 bxc5
16. a4 f4 17. Bg1 Nh5 18. Bf2 Bf6 19. Rfd1 Bh4 20. Bd3 Rf7 21. Kg1 Rg7 22. Bxh4
Qxh4 23. Qf2 Qe7 24. Rd2 g5 25. Be2 Nf6 26. Nb5 Bc8 27. Ra3 Qf7 28. g4 fxg3 29.
hxg3 Ba6 30. Bf1 h5 31. Bh3 g4 32. Bg2 Rf8 33. f4 exf4 34. e5 dxe5 35. Qxc5 f3
36. Bxf3 gxf3 37. Rxf3 Bxb5 38. cxb5 e4 39. Rff2 Rxg3+ 40. Rg2 Ng4 41. Qc4 Rd3 0-1